Alle landen waar een V in zit. - Statistieken

Algemene statistieken
  • Deze quiz is 87 keer genomen
  • De gemiddelde score is 16 van 21
Antwoordstatistieken
Antwoord % Correct
Verenigde Staten
100%
Verenigd Koninkrijk
100%
Venezuela
97%
Vietnam
97%
Verenigde Arabische Emiraten
93%
Slovenië
90%
Vanuatu
86%
Vaticaanstad
86%
Servië
79%
Bolivia
76%
Tuvalu
72%
Bosnië en Herzegovina
66%
El Salvador
66%
Ivoorkust
66%
Malediven
62%
Moldavië
62%
Saint Vincent en de Grenadines
62%
Kaapverdië
59%
Kosovo
59%
Saint Kitts en Nevis
45%
Congo-Brazzaville
38%
Geen overeenkomende quizzen gevonden
Scoreverdeling
Procent van Mensen met Elke Score
Percentiel versus Aantal Correcte Antwoorden
Uw Scoregeschiedenis
U heeft deze quiz nog niet genomen